| 000 | 00790nam a2200205Ia 4500 | ||
|---|---|---|---|
| 003 | LDD | ||
| 008 | 190117s9999 xx 000 0 und d | ||
| 020 |
_a9788171190409 _c₹200 |
||
| 040 | _cLDD | ||
| 041 | _ahi | ||
| 082 | _a8H3.7 या4668व-2 | ||
| 100 | _aयादव, राजेन्द्र | ||
| 245 | 0 |
_aवहाँ तक पहुंचने की दौड़ _cराजेन्द्र यादव |
|
| 250 | _aदुसरा संस्करण | ||
| 260 |
_aनई दिल्ली _bाधाकृष्ण 2 _c2011 |
||
| 300 | _a163पृ. | ||
| 901 | _aAJ | ||
| 904 | _aReqst by : Rita Rani Paliwal | ||
| 942 |
_2ddc _cH |
||
| 999 |
_c167786 _d167786 |
||